Statistics for 2024 Wellington Airport Destinations

Click here to take the quiz!

General Stats

  • This quiz has been taken 13 times
  • The average score is 15 of 23

Answer Stats

HintAnswer% Correct
Jetstar, Air New ZealandAuckland
100%
Air New Zealand, JetstarChristchurch
100%
Qantas, Air New ZealandMelbourne
100%
Qantas, Air New ZealandSydney
100%
Qantas, Air New ZealandBrisbane
92%
Air New ZealandDunedin
85%
Air New Zealand, JetstarQueenstown
85%
Fiji AirwaysNadi
77%
Air New ZealandRotorua
77%
Air New ZealandNapier
62%
Air New Zealand, Sounds AirNelson
62%
Air New ZealandNew Plymouth
62%
Sounds Air, Air New ZealandBlenheim
54%
JetstarGold Coast
54%
Air New ZealandInvercargill
54%
Air New ZealandTauranga
54%
Air ChathamsChatham Islands
46%
Air New ZealandHamilton
46%
Air New ZealandGisborne
38%
Sounds AirPicton
38%
Sounds AirTaupo
38%
Air New ZealandTimaru
31%
Sounds AirWestport
23%

Score Distribution

Percentile by Number Answered

Percent of People with Each Score

Your Score History

You have not taken this quiz